01212 2200361 4500001002100000005001500021035002000036007000300056008004100059020002200100082001500122084001700137100003800154245017500192300004200367650004300409700003400452700003300486700004500519504002900564264003600593336002100629337003000650338002300680040002200703090002100725090002100746850001200767041000800779999002100787990002100808990002100829INLIS00000000084935020190709024250 a0010-0719000351ta190709s2018 yoia d | eng d a978-979-28-2959-404223a420.07 a420.07 PRA b0 aPrasetya Adhi WardhanaePengarang10aBahasa Inggris :bmata pelajaran wajib SMA/MA kelas X semester 1 /cPrasetya Adhi Wardhana, Yuniarti Dwi Arini; penyunting, Bachtiar Bima M., Cicik Kurniawati Susiningsih avi, 122 halaman :bilustrasi ;c28 cm 4aBahasa Inggris--xStudi dan pengajaran0 aYuniarti Dwi AriniePengarang0 aBachtiar Bima M.ePenyunting0 aCicik Kurniawati SusiningsihePenyunting aBibliografi: halaman 115 aBantul :bIntan Pariwara,c2019 2rdacontentateks 2rdamediaatanpa perantara 2rdacarrieravolume aYOPDYOGbinderda aDEP 420.07 PRA b aCB-D.11 2019-858 aYOPDYOG0 aeng aCB-D.11/2019-858 aCB-D.11/2019-858 aCB-D.11/2019-858